000 01493cam a22004094a 4500
999 _c17313
_d17313
001 14267816
003 ASAB
005 20170419104720.0
008 060214s2007 mauab b 001 0 eng
010 _a 2006005283
015 _2bnb
_aGBA631775
016 7 _a101269146
_2DNLM
016 7 _a013426322
_2Uk
020 _a0763728403
020 _a9780763728403
035 _a(OCoLC)ocm64067623
040 _aDNLM/DLC
_cASAB
_dNLM
_dBAKER
_dUKM
_dC#P
_dDLC
042 _apcc
043 _an-us---
050 0 0 _aRA784
_b.K328 2007
060 1 0 _aQU 145
_bK215n 2007
082 0 0 _a362.1
_222
100 1 _aKaufman, Mildred.
_91067
245 1 0 _aNutrition in promoting the public's health :
_bstrategies, principles, and practices /
_cMildred Kaufman.
260 _aSudbury, Mass. :
_bJones and Bartlett Publishers,
_cc2007.
300 _axix, 617 p. :
_bill., map ;
_c24 cm.
504 _aIncludes bibliographical references and index.
650 0 _aNutrition
_zUnited States.
_91068
650 0 _aPublic health
_zUnited States.
_91069
650 1 2 _aNutrition
_zUnited States.
_91070
650 1 2 _aPublic Health
_zUnited States.
_91071
650 2 2 _aHealth Promotion
_zUnited States.
_91072
856 4 1 _3Table of contents only
_uhttp://www.loc.gov/catdir/toc/ecip068/2006005283.html
906 _a7
_bcbc
_corignew
_d1
_eecip
_f20
_gy-gencatlg
942 _2ddc
_cBK